[Event "WCO 2016"]
[Site "?"]
[Date "2016.09.13"]
[Round "11"]
[Board "14"]
[WhiteID "5702712"]
[White "Bakri Alia Anin Azwa"]
[BlackID "13403729"]
[Black "Mammadzada Gunay"]
[Result "1/2-1/2"]
[BlackElo "2361"]
[WhiteElo "1923"]
[LiveChessVersion "1.4.8"]

1. d4 {[%clk 1:30:57]} d5 {[%clk 1:30:55]} 2. c4 {[%clk 1:31:01]} c6
{[%clk 1:31:21]} 3. Nc3 {[%clk 1:30:40]} Nf6 {[%clk 1:31:47]} 4. Nf3
{[%clk 1:28:54]} dxc4 {[%clk 1:32:09]} 5. a4 {[%clk 1:26:21]} Bf5
{[%clk 1:32:26]} 6. e3 {[%clk 1:25:55]} e6 {[%clk 1:32:42]} 7. Bxc4
{[%clk 1:25:38]} Bb4 {[%clk 1:33:09]} 8. Bd2 {[%clk 1:23:41]} O-O
{[%clk 1:32:03]} 9. Qb3 {[%clk 1:19:55]} Qe7 {[%clk 1:29:12]} 10. O-O
{[%clk 1:17:54]} a5 {[%clk 1:19:14]} 11. h3 {[%clk 1:11:28]} Nbd7
{[%clk 1:17:57]} 12. Nh4 {[%clk 0:47:32]} Nb6 {[%clk 1:06:47]} 13. Be2
{[%clk 0:41:22]} Be4 {[%clk 0:58:18]} 14. Nxe4 {[%clk 0:37:57]} Nxe4
{[%clk 0:58:40]} 15. Bxb4 {[%clk 0:37:45]} axb4 {[%clk 0:54:55]} 16. Nf3
{[%clk 0:37:24]} Ra5 {[%clk 0:54:08]} 17. Qc2 {[%clk 0:36:11]} Nf6
{[%clk 0:54:16]} 18. Ne5 {[%clk 0:32:08]} Rfa8 {[%clk 0:50:25]} 19. b3
{[%clk 0:30:43]} Nbd5 {[%clk 0:44:02]} 20. Rac1 {[%clk 0:26:53]} Nd7
{[%clk 0:41:25]} 21. Nc4 {[%clk 0:22:34]} R5a7 {[%clk 0:41:50]} 22. Bf3
{[%clk 0:21:52]} Nc3 {[%clk 0:39:29]} 23. Nb2 {[%clk 0:16:35]} e5
{[%clk 0:34:57]} 24. Bg4 {[%clk 0:12:09]} exd4 {[%clk 0:28:51]} 25. exd4
{[%clk 0:12:32]} Nf6 {[%clk 0:29:10]} 26. Bf3 {[%clk 0:11:54]} Rd8
{[%clk 0:27:59]} 27. Nd3 {[%clk 0:10:44]} Ncd5 {[%clk 0:26:30]} 28. Rfe1
{[%clk 0:09:40]} Qd6 {[%clk 0:22:27]} 29. Qd2 {[%clk 0:09:46]} Ra6
{[%clk 0:18:55]} 30. Nc5 {[%clk 0:07:25]} Ra7 {[%clk 0:18:02]} 31. Nd3
{[%clk 0:07:51]} Ra6 {[%clk 0:06:50]} 32. Nc5 {[%clk 0:08:15]} Ra7
{[%clk 0:06:44]} 33. Nd3 {[%clk 0:08:38]} Ra6 {[%clk 0:05:56]} 34. Nc5
{[%clk 0:08:41]} Ra7 {[%clk 0:05:41]} 1/2-1/2

[Event "WCO 2016"]
[Site "?"]
[Date "2016.09.13"]
[Round "11"]
[Board "15"]
[WhiteID "13401491"]
[White "Hojjatova Aydan"]
[BlackID "5702135"]
[Black "Azman Hisham Nur Nabila"]
[Result "1-0"]
[BlackElo "1994"]
[WhiteElo "2339"]
[LiveChessVersion "1.4.8"]

1. e4 {[%clk 1:30:57]} c5 {[%clk 1:30:49]} 2. Nf3 {[%clk 1:31:22]} e6
{[%clk 1:30:59]} 3. d4 {[%clk 1:31:43]} cxd4 {[%clk 1:31:03]} 4. Nxd4
{[%clk 1:32:08]} a6 {[%clk 1:31:08]} 5. Nc3 {[%clk 1:32:22]} Qc7 {[%clk 1:30:26]}
6. Bd3 {[%clk 1:32:26]} Nf6 {[%clk 1:28:30]} 7. f4 {[%clk 1:32:38]} d6
{[%clk 1:27:23]} 8. Qf3 {[%clk 1:32:03]} Be7 {[%clk 1:19:03]} 9. g4
{[%clk 1:30:00]} Nc6 {[%clk 1:11:13]} 10. Nce2 {[%clk 1:17:57]} e5
{[%clk 1:02:24]} 11. Nf5 {[%clk 1:13:25]} Bxf5 {[%clk 1:00:15]} 12. gxf5
{[%clk 1:01:25]} Nb4 {[%clk 0:55:14]} 13. Nc3 {[%clk 0:56:23]} b5
{[%clk 0:42:55]} 14. Bd2 {[%clk 0:50:27]} Nxd3+ {[%clk 0:40:11]} 15. cxd3
{[%clk 0:50:48]} Rc8 {[%clk 0:38:21]} 16. O-O {[%clk 0:49:37]} O-O
{[%clk 0:35:36]} 17. Kh1 {[%clk 0:48:55]} b4 {[%clk 0:34:42]} 18. Ne2
{[%clk 0:47:11]} a5 {[%clk 0:31:57]} 19. Rac1 {[%clk 0:42:52]} Qb7
{[%clk 0:31:40]} 20. Rg1 {[%clk 0:42:34]} Rxc1 {[%clk 0:23:00]} 21. Bxc1
{[%clk 0:42:08]} Ne8 {[%clk 0:19:28]} 22. Rg3 {[%clk 0:34:38]} Qc6
{[%clk 0:15:26]} 23. Rg1 {[%clk 0:25:20]} Qc2 {[%clk 0:13:44]} 24. Ng3
{[%clk 0:25:28]} f6 {[%clk 0:10:52]} 25. Ne2 {[%clk 0:25:21]} Rf7
{[%clk 0:10:29]} 26. d4 {[%clk 0:21:19]} Bd8 {[%clk 0:05:33]} 27. d5
{[%clk 0:10:38]} Bb6 {[%clk 0:05:16]} 28. Re1 {[%clk 0:06:04]} Nc7
{[%clk 0:03:30]} 29. fxe5 {[%clk 0:04:31]} fxe5 {[%clk 0:03:55]} 30. Ng3
{[%clk 0:01:41]} Nb5 {[%clk 0:03:34]} 31. Nh5 {[%clk 0:01:23]} Qf2
{[%clk 0:02:43]} 32. Qxf2 {[%clk 0:01:00]} Bxf2 {[%clk 0:03:04]} 33. Re2
{[%clk 0:01:24]} Bd4 {[%clk 0:03:10]} 34. Rc2 {[%clk 0:01:43]} Rc7
{[%clk 0:03:32]} 35. Rxc7 {[%clk 0:01:58]} Nxc7 {[%clk 0:04:00]} 36. Ng3
{[%clk 0:02:22]} Na6 {[%clk 0:03:30]} 37. b3 {[%clk 0:01:00]} Nc5
{[%clk 0:03:49]} 38. Kg2 {[%clk 0:00:42]} a4 {[%clk 0:03:25]} 39. bxa4
{[%clk 0:00:57]} Nxa4 {[%clk 0:03:47]} 40. Ne2 {[%clk 0:30:52]} Bc5
{[%clk 0:31:00]} 41. Bd2 {[%clk 0:21:14]} Kf7 {[%clk 0:30:22]} 42. Nc1
{[%clk 0:21:04]} Nb2 {[%clk 0:26:21]} 43. Kf3 {[%clk 0:20:24]} Ke7
{[%clk 0:23:49]} 44. Nb3 {[%clk 0:20:29]} Kd7 {[%clk 0:20:21]} 45. Na5
{[%clk 0:20:22]} Kc7 {[%clk 0:12:15]} 46. Ke2 {[%clk 0:17:52]} Kb6
{[%clk 0:12:21]} 47. Nc6 {[%clk 0:18:18]} Kc7 {[%clk 0:06:56]} 48. Bh6
{[%clk 0:15:44]} Kd7 {[%clk 0:03:24]} 49. Bxg7 {[%clk 0:16:05]} Ke8
{[%clk 0:03:35]} 50. f6 {[%clk 0:14:18]} Kf7 {[%clk 0:02:29]} 51. Nd8+
{[%clk 0:14:36]} Kg6 {[%clk 0:02:52]} 52. Bh8 {[%clk 0:14:52]} 1-0

[Event "WCO 2016"]
[Site "?"]
[Date "2016.09.13"]
[Round "11"]
[Board "16"]
[WhiteID "5702879"]
[White "Azhar Puteri Rifqah Fahada"]
[BlackID "13402951"]
[Black "Kazimova Narmin"]
[Result "0-1"]
[BlackElo "2302"]
[WhiteElo "1945"]
[LiveChessVersion "1.4.8"]

1. d4 {[%clk 1:30:48]} Nf6 {[%clk 1:30:53]} 2. Nf3 {[%clk 1:30:48]} e6
{[%clk 1:31:09]} 3. Bf4 {[%clk 1:30:44]} c5 {[%clk 1:31:13]} 4. e3
{[%clk 1:29:25]} Nc6 {[%clk 1:31:27]} 5. c3 {[%clk 1:29:12]} d5 {[%clk 1:31:32]}
6. Nbd2 {[%clk 1:28:39]} Bd6 {[%clk 1:31:03]} 7. Bg3 {[%clk 1:28:19]} O-O
{[%clk 1:19:24]} 8. Bd3 {[%clk 1:24:40]} b6 {[%clk 1:19:04]} 9. Ne5
{[%clk 1:21:21]} Bb7 {[%clk 1:17:48]} 10. Qc2 {[%clk 1:19:42]} Rc8
{[%clk 1:03:13]} 11. Nxc6 {[%clk 1:16:10]} Bxc6 {[%clk 1:03:04]} 12. Bh4
{[%clk 1:05:06]} h6 {[%clk 1:02:43]} 13. Bxf6 {[%clk 0:58:28]} Qxf6
{[%clk 1:03:07]} 14. O-O {[%clk 0:58:29]} e5 {[%clk 0:46:50]} 15. dxe5
{[%clk 0:54:42]} Qxe5 {[%clk 0:45:03]} 16. g3 {[%clk 0:47:40]} b5
{[%clk 0:40:42]} 17. Bf5 {[%clk 0:44:15]} Rce8 {[%clk 0:40:27]} 18. Nf3
{[%clk 0:41:36]} Qf6 {[%clk 0:40:33]} 19. Nh4 {[%clk 0:39:33]} Bb8
{[%clk 0:32:56]} 20. Bh3 {[%clk 0:35:50]} g5 {[%clk 0:27:00]} 21. Ng2
{[%clk 0:31:17]} h5 {[%clk 0:20:53]} 22. Bf5 {[%clk 0:21:59]} d4 {[%clk 0:18:00]}
23. cxd4 {[%clk 0:20:12]} cxd4 {[%clk 0:18:28]} 24. e4 {[%clk 0:19:30]} Rd8
{[%clk 0:16:07]} 25. Qd3 {[%clk 0:18:15]} Qd6 {[%clk 0:10:57]} 26. Rac1
{[%clk 0:16:48]} a6 {[%clk 0:10:34]} 27. a3 {[%clk 0:15:49]} Kh8 {[%clk 0:08:17]}
28. Rc2 {[%clk 0:14:58]} Bd7 {[%clk 0:04:59]} 29. Bxd7 {[%clk 0:14:35]} Rxd7
{[%clk 0:04:30]} 30. Qf3 {[%clk 0:13:34]} Qg6 {[%clk 0:04:09]} 31. Rc5
{[%clk 0:11:12]} Re8 {[%clk 0:02:38]} 32. Rf5 {[%clk 0:07:52]} Rde7
{[%clk 0:02:15]} 33. Re1 {[%clk 0:06:23]} Be5 {[%clk 0:02:32]} 34. Qd3
{[%clk 0:05:01]} Bg7 {[%clk 0:01:57]} 35. Kf1 {[%clk 0:03:47]} Kh7
{[%clk 0:02:08]} 36. h4 {[%clk 0:02:57]} Rxe4 {[%clk 0:01:52]} 37. Rxe4
{[%clk 0:00:59]} Qxf5 {[%clk 0:02:21]} 38. Rxd4 {[%clk 0:00:38]} Qxd3+
{[%clk 0:02:44]} 39. Rxd3 {[%clk 0:01:07]} gxh4 {[%clk 0:02:37]} 40. Nxh4
{[%clk 0:31:12]} Bxb2 {[%clk 0:32:54]} 41. Rf3 {[%clk 0:20:47]} Re7
{[%clk 0:29:34]} 42. Nf5 {[%clk 0:19:20]} Rc7 {[%clk 0:27:18]} 43. Rb3
{[%clk 0:19:25]} Bf6 {[%clk 0:25:56]} 44. Ne3 {[%clk 0:17:32]} Rc3
{[%clk 0:21:06]} 45. Rxc3 {[%clk 0:17:40]} Bxc3 {[%clk 0:21:35]} 46. Ke2
{[%clk 0:16:49]} Bb2 {[%clk 0:20:54]} 47. Nc2 {[%clk 0:17:11]} Kg6
{[%clk 0:20:48]} 48. Kf3 {[%clk 0:12:12]} Kf5 {[%clk 0:20:25]} 49. Ke3
{[%clk 0:12:19]} a5 {[%clk 0:18:00]} 50. f3 {[%clk 0:08:12]} Ke5 {[%clk 0:17:43]}
51. Kd3 {[%clk 0:06:58]} Kd5 {[%clk 0:17:49]} 52. a4 {[%clk 0:02:44]} bxa4
{[%clk 0:15:25]} 53. Ne3+ {[%clk 0:02:51]} Kc5 {[%clk 0:15:38]} 54. Kc2
{[%clk 0:02:50]} Be5 {[%clk 0:15:01]} 55. f4 {[%clk 0:02:30]} Bf6
{[%clk 0:05:59]} 56. Nf5 {[%clk 0:02:03]} Kd5 {[%clk 0:06:04]} 57. g4
{[%clk 0:00:45]} hxg4 {[%clk 0:05:19]} 58. Ne3+ {[%clk 0:01:11]} Ke4
{[%clk 0:05:40]} 59. Nxg4 {[%clk 0:01:25]} Bd4 {[%clk 0:05:47]} 60. Nh6
{[%clk 0:00:40]} f5 {[%clk 0:06:07]} 61. Kb1 {[%clk 0:00:40]} Kxf4
{[%clk 0:06:29]} 62. Ka2 {[%clk 0:00:41]} Bc5 {[%clk 0:06:46]} 63. Ng8
{[%clk 0:00:37]} 0-1

[Event "WCO 2016"]
[Site "?"]
[Date "2016.09.13"]
[Round "11"]
[Board "17"]
[WhiteID "2012782"]
[White "Krush Irina"]
[BlackID "5015197"]
[Black "Harika Dronavalli"]
[Result "1/2-1/2"]
[BlackElo "2542"]
[WhiteElo "2444"]
[LiveChessVersion "1.4.8"]

1. Nf3 {[%clk 1:30:55]} Nf6 {[%clk 1:30:44]} 2. g3 {[%clk 1:31:13]} d5
{[%clk 1:30:57]} 3. Bg2 {[%clk 1:31:26]} e6 {[%clk 1:30:13]} 4. d4
{[%clk 1:29:44]} c5 {[%clk 1:26:20]} 5. O-O {[%clk 1:29:22]} cxd4
{[%clk 1:21:50]} 6. Nxd4 {[%clk 1:28:31]} e5 {[%clk 1:21:34]} 7. Nb3
{[%clk 1:23:45]} Be6 {[%clk 1:21:47]} 8. Bg5 {[%clk 1:12:55]} Nbd7
{[%clk 1:17:11]} 9. Nc3 {[%clk 1:07:27]} Be7 {[%clk 1:15:46]} 10. Qd3
{[%clk 0:58:55]} O-O {[%clk 1:07:03]} 11. Rad1 {[%clk 0:55:55]} d4
{[%clk 0:56:00]} 12. Bxf6 {[%clk 0:54:26]} Nxf6 {[%clk 0:54:29]} 13. Ne4
{[%clk 0:54:27]} Qc7 {[%clk 0:50:48]} 14. Nxf6+ {[%clk 0:47:34]} Bxf6
{[%clk 0:49:52]} 15. Be4 {[%clk 0:47:59]} h6 {[%clk 0:45:03]} 16. Qf3
{[%clk 0:45:36]} Rab8 {[%clk 0:41:30]} 17. c3 {[%clk 0:44:46]} dxc3
{[%clk 0:35:31]} 18. Rc1 {[%clk 0:45:05]} b6 {[%clk 0:35:14]} 19. Rxc3
{[%clk 0:42:21]} Qe7 {[%clk 0:35:25]} 20. Rfc1 {[%clk 0:38:35]} Rbc8
{[%clk 0:30:00]} 21. Rxc8 {[%clk 0:37:11]} Rxc8 {[%clk 0:30:11]} 22. Rxc8+
{[%clk 0:36:30]} Bxc8 {[%clk 0:30:32]} 23. Qc3 {[%clk 0:35:28]} Be6
{[%clk 0:28:02]} 24. Nd2 {[%clk 0:27:56]} g6 {[%clk 0:26:50]} 25. a3
{[%clk 0:27:17]} Bg7 {[%clk 0:24:59]} 26. Qc6 {[%clk 0:21:57]} Qd7
{[%clk 0:13:14]} 27. Qxd7 {[%clk 0:19:39]} Bxd7 {[%clk 0:13:34]} 28. Bd5
{[%clk 0:19:07]} Kf8 {[%clk 0:13:47]} 29. e4 {[%clk 0:17:45]} h5 {[%clk 0:14:06]}
30. h4 {[%clk 0:15:21]} Bh6 {[%clk 0:12:02]} 31. Nc4 {[%clk 0:15:22]} f6
{[%clk 0:11:47]} 32. Ne3 {[%clk 0:12:41]} Bb5 {[%clk 0:11:26]} 33. Kg2
{[%clk 0:11:29]} Be2 {[%clk 0:07:03]} 34. Bc6 {[%clk 0:11:04]} Kg7
{[%clk 0:06:12]} 35. Bd5 {[%clk 0:11:01]} Kf8 {[%clk 0:06:36]} 36. Bc6
{[%clk 0:11:25]} Kg7 {[%clk 0:07:01]} 37. Bd5 {[%clk 0:11:49]} Kf8
{[%clk 0:06:28]} 38. Bc6 1/2-1/2

[Event "WCO 2016"]
[Site "?"]
[Date "2016.09.13"]
[Round "11"]
[Board "18"]
[WhiteID "5029295"]
[White "Padmini Rout"]
[BlackID "13603620"]
[Black "Paikidze Nazi"]
[Result "0-1"]
[BlackElo "2366"]
[WhiteElo "2408"]
[LiveChessVersion "1.4.8"]

1. e4 {[%clk 1:30:50]} c6 {[%clk 1:30:55]} 2. d4 {[%clk 1:30:32]} d5
{[%clk 1:31:19]} 3. e5 {[%clk 1:30:39]} Bf5 {[%clk 1:31:44]} 4. Nf3
{[%clk 1:30:38]} e6 {[%clk 1:32:08]} 5. Be2 {[%clk 1:30:20]} h6 {[%clk 1:32:32]}
6. O-O {[%clk 1:29:50]} Ne7 {[%clk 1:32:58]} 7. Nbd2 {[%clk 1:29:44]} Nd7
{[%clk 1:33:21]} 8. Nb3 {[%clk 1:26:46]} g5 {[%clk 1:33:39]} 9. a4
{[%clk 1:26:03]} Bg7 {[%clk 1:30:00]} 10. a5 {[%clk 1:24:24]} Qc7
{[%clk 1:27:29]} 11. Ne1 {[%clk 1:18:56]} c5 {[%clk 1:20:33]} 12. c3
{[%clk 1:01:42]} Nc6 {[%clk 1:18:07]} 13. a6 {[%clk 0:53:37]} b6 {[%clk 1:17:34]}
14. f4 {[%clk 0:52:51]} c4 {[%clk 1:11:48]} 15. Nd2 {[%clk 0:51:45]} Ne7
{[%clk 1:07:00]} 16. Bh5 {[%clk 0:47:26]} O-O-O {[%clk 0:55:33]} 17. Bxf7
{[%clk 0:40:29]} Rdf8 {[%clk 0:50:01]} 18. Bh5 {[%clk 0:40:21]} gxf4
{[%clk 0:32:43]} 19. Ndf3 {[%clk 0:33:31]} Be4 {[%clk 0:26:01]} 20. Nh4
{[%clk 0:32:09]} Rhg8 {[%clk 0:22:11]} 21. Bg4 {[%clk 0:24:22]} Qc6
{[%clk 0:20:27]} 22. Bh3 {[%clk 0:22:43]} Ng6 {[%clk 0:12:15]} 23. Nxg6
{[%clk 0:22:00]} Bxg6 {[%clk 0:12:43]} 24. Nf3 {[%clk 0:17:54]} Be4
{[%clk 0:08:41]} 25. Qa4 {[%clk 0:15:01]} b5 {[%clk 0:08:18]} 26. Qb4
{[%clk 0:12:45]} Bxf3 {[%clk 0:06:35]} 27. Rxf3 {[%clk 0:12:34]} Bxe5
{[%clk 0:06:39]} 28. dxe5 {[%clk 0:10:48]} Nxe5 {[%clk 0:06:48]} 29. Rf1
{[%clk 0:09:03]} Kd7 {[%clk 0:02:04]} 30. Bd2 {[%clk 0:02:50]} Nd3
{[%clk 0:01:51]} 31. Qa5 {[%clk 0:01:16]} Qc5+ {[%clk 0:02:12]} 32. Kh1
{[%clk 0:01:39]} f3 {[%clk 0:02:31]} 33. g3 {[%clk 0:01:24]} h5 {[%clk 0:01:52]}
34. Rae1 {[%clk 0:00:51]} Nxe1 {[%clk 0:01:36]} 35. Rxe1 {[%clk 0:01:20]} f2
{[%clk 0:00:55]} 36. Rf1 {[%clk 0:01:19]} h4 {[%clk 0:01:14]} 37. Kg2
{[%clk 0:00:50]} hxg3 {[%clk 0:01:35]} 38. hxg3 {[%clk 0:01:18]} d4
{[%clk 0:01:17]} 39. cxd4 {[%clk 0:01:19]} Qd5+ {[%clk 0:01:26]} 40. Kh2
{[%clk 0:31:16]} Rh8 {[%clk 0:31:45]} 0-1

[Event "WCO 2016"]
[Site "?"]
[Date "2016.09.13"]
[Round "11"]
[Board "19"]
[WhiteID "14101572"]
[White "Zatonskih Anna"]
[BlackID "5007844"]
[Black "Tania Sachdev"]
[Result "0-1"]
[BlackElo "2402"]
[WhiteElo "2449"]
[LiveChessVersion "1.4.8"]

1. d4 {[%clk 1:30:57]} Nf6 {[%clk 1:30:48]} 2. c4 {[%clk 1:31:15]} e6
{[%clk 1:31:12]} 3. Nc3 {[%clk 1:31:18]} Bb4 {[%clk 1:31:11]} 4. Qc2
{[%clk 1:30:28]} O-O {[%clk 1:31:07]} 5. a3 {[%clk 1:26:31]} Bxc3+
{[%clk 1:30:09]} 6. Qxc3 {[%clk 1:26:56]} d5 {[%clk 1:30:34]} 7. Bg5
{[%clk 1:23:06]} b6 {[%clk 1:26:24]} 8. e3 {[%clk 0:46:03]} dxc4 {[%clk 1:07:41]}
9. Bxc4 {[%clk 0:44:37]} Bb7 {[%clk 1:08:08]} 10. f3 {[%clk 0:31:45]} Nbd7
{[%clk 1:07:06]} 11. Ne2 {[%clk 0:32:02]} Rc8 {[%clk 1:00:24]} 12. Qd3
{[%clk 0:27:19]} c5 {[%clk 0:56:04]} 13. O-O {[%clk 0:27:42]} cxd4
{[%clk 0:35:49]} 14. exd4 {[%clk 0:27:52]} Qe7 {[%clk 0:34:58]} 15. Nc3
{[%clk 0:22:25]} Rfd8 {[%clk 0:33:23]} 16. Qe2 {[%clk 0:19:50]} Nf8
{[%clk 0:30:29]} 17. Rad1 {[%clk 0:17:00]} h6 {[%clk 0:28:00]} 18. Bc1
{[%clk 0:16:04]} Nd5 {[%clk 0:26:13]} 19. Ne4 {[%clk 0:15:54]} Ng6
{[%clk 0:24:12]} 20. Ba2 {[%clk 0:09:11]} Ngf4 {[%clk 0:22:09]} 21. Bxf4
{[%clk 0:09:35]} Nxf4 {[%clk 0:22:33]} 22. Qe3 {[%clk 0:09:05]} Qc7
{[%clk 0:20:48]} 23. Nc3 {[%clk 0:05:47]} Rd7 {[%clk 0:17:27]} 24. Rd2
{[%clk 0:05:36]} Rcd8 {[%clk 0:13:28]} 25. Rfd1 {[%clk 0:06:00]} Nd5
{[%clk 0:08:45]} 26. Nxd5 {[%clk 0:04:42]} Bxd5 {[%clk 0:09:08]} 27. Bb1
{[%clk 0:04:39]} Bb7 {[%clk 0:07:40]} 28. Qd3 {[%clk 0:02:19]} g6
{[%clk 0:07:47]} 29. Qe3 {[%clk 0:02:49]} Kg7 {[%clk 0:07:44]} 30. Ba2
{[%clk 0:02:46]} Bd5 {[%clk 0:03:34]} 31. Qe5+ {[%clk 0:01:13]} f6
{[%clk 0:03:55]} 32. Qxc7 {[%clk 0:01:38]} Rxc7 {[%clk 0:04:24]} 33. Bxd5
{[%clk 0:01:33]} Rxd5 {[%clk 0:04:25]} 34. Kf2 {[%clk 0:02:03]} Kf7
{[%clk 0:02:31]} 35. Ke3 {[%clk 0:02:15]} h5 {[%clk 0:01:17]} 36. g3
{[%clk 0:01:45]} Ke7 {[%clk 0:01:20]} 37. f4 {[%clk 0:01:17]} b5 {[%clk 0:01:02]}
38. Rd3 {[%clk 0:01:25]} a5 {[%clk 0:00:44]} 39. Rc3 {[%clk 0:01:11]} Rcd7
{[%clk 0:00:56]} 40. b4 {[%clk 0:30:38]} axb4 {[%clk 0:30:51]} 41. axb4
{[%clk 0:31:04]} e5 {[%clk 0:26:20]} 42. fxe5 {[%clk 0:27:59]} fxe5
{[%clk 0:26:41]} 43. Rcd3 {[%clk 0:22:38]} Ke6 {[%clk 0:26:43]} 44. Ke4
{[%clk 0:17:33]} Rc7 {[%clk 0:18:39]} 45. dxe5 {[%clk 0:11:03]} Rxe5+
{[%clk 0:17:57]} 46. Kf3 {[%clk 0:11:23]} Rf7+ {[%clk 0:17:02]} 47. Kg2
{[%clk 0:11:48]} Re2+ {[%clk 0:17:25]} 48. Kg1 {[%clk 0:11:29]} Rff2
{[%clk 0:16:56]} 49. Rd6+ {[%clk 0:05:53]} Kf7 {[%clk 0:15:46]} 50. Rd7+
{[%clk 0:06:07]} Kf6 {[%clk 0:15:13]} 51. Rf1 {[%clk 0:04:26]} Rxf1+
{[%clk 0:14:38]} 52. Kxf1 {[%clk 0:04:55]} Re4 {[%clk 0:14:37]} 53. Rd6+
{[%clk 0:05:12]} Kf7 {[%clk 0:12:20]} 54. Rb6 {[%clk 0:05:33]} Rxb4
{[%clk 0:12:43]} 55. Kf2 {[%clk 0:05:06]} Rb3 {[%clk 0:10:48]} 56. Kg2
{[%clk 0:03:54]} b4 {[%clk 0:10:37]} 57. Kh3 {[%clk 0:03:51]} Rb2
{[%clk 0:08:10]} 58. Rb7+ {[%clk 0:03:35]} Kf6 {[%clk 0:08:16]} 59. Rb6+
{[%clk 0:04:01]} Kf5 {[%clk 0:07:32]} 60. Rb5+ {[%clk 0:04:22]} Kf6
{[%clk 0:05:27]} 61. Rb6+ {[%clk 0:04:27]} Kg5 {[%clk 0:05:39]} 62. Rb5+
{[%clk 0:04:35]} Kh6 {[%clk 0:06:04]} 63. Rb6 {[%clk 0:04:41]} b3
{[%clk 0:05:01]} 64. g4 {[%clk 0:03:37]} Kg5 {[%clk 0:02:52]} 65. Rb5+
{[%clk 0:03:31]} Kf4 {[%clk 0:03:12]} 66. gxh5 {[%clk 0:03:30]} gxh5
{[%clk 0:03:05]} 67. Rxh5 {[%clk 0:03:53]} Rd2 {[%clk 0:03:13]} 68. Rb5
{[%clk 0:03:44]} b2 {[%clk 0:03:35]} 69. Rb8 {[%clk 0:02:22]} Kf3
{[%clk 0:03:01]} 70. Rb7 {[%clk 0:02:01]} Rc2 {[%clk 0:01:45]} 71. Rb8
{[%clk 0:02:22]} Kf4 {[%clk 0:01:44]} 72. Rb7 {[%clk 0:02:11]} Ke3
{[%clk 0:01:24]} 73. Kg3 {[%clk 0:02:33]} Kd2 {[%clk 0:01:33]} 74. h4
{[%clk 0:02:48]} Kc1 {[%clk 0:01:53]} 75. h5 {[%clk 0:02:34]} Rc4
{[%clk 0:02:11]} 76. h6 {[%clk 0:02:08]} b1=Q {[%clk 0:02:22]} 77. Rxb1+
{[%clk 0:02:33]} Kxb1 {[%clk 0:02:51]} 78. h7 {[%clk 0:02:54]} Rc8
{[%clk 0:03:19]} 0-1